书目信息 |
| 题名: |
绿山墙的安妮
|
|
| 作者: | 蒙格玛丽 著 ;张卉 , 橙小诗 译 | |
| 分册: | ||
| 出版信息: | 成都 四川文艺出版社 2009.05 |
|
| 页数: | 312页 | |
| 开本: | 19cm | |
| 丛书名: | 学生必读名著书架 | |
| 单 册: | ||
| 中图分类: | I711.4 | |
| 科图分类: | ||
| 主题词: | 长篇小说--chang pian xiao shuo--加拿大--现代 | |
| 电子资源: | ||
| ISBN: | 978-7-5411-2778-6 | |
| 000 | 01133nam0 2200277 450 | |
| 001 | 012010012622 | |
| 005 | 20100625082117.37 | |
| 010 | @a978-7-5411-2778-6@dCNY20.00 | |
| 100 | @a20100625d2009 em y0chiy0120 ea | |
| 101 | 1 | @achi@ceng |
| 102 | 0 | @aCN@b510000 |
| 105 | @aa z 000ay | |
| 106 | @ar | |
| 200 | 1 | @a绿山墙的安妮@Alu shan qiang de an ni@f(加) 露西·莫德·蒙格玛丽著@F(jia)lu xi·mo de·meng ge ma li zhu@g张卉, 橙小诗译@Gzhang hui,cheng xiao shi yi |
| 210 | @a成都@c四川文艺出版社@d2009.05 | |
| 215 | @a312页@c图@d19cm | |
| 225 | 2 | @a学生必读名著书架@Axue sheng bi du ming zhu shu jia |
| 330 | @a本书主人公小安妮由于酷爱想像以及“爱美之心”给自己惹来了一连串的麻烦,她不断地闯祸,也不断改正错误。在朋友、家人和老师的关爱中,小孤女安妮渐渐变成了绿山墙里快乐成长的小主人。 | |
| 410 | 0 | @12001 @a学生必读名著书架 |
| 606 | 0 | @a长篇小说@Achang pian xiao shuo@y加拿大@z现代 |
| 690 | @aI711.4@v4 | |
| 701 | 1 | @a蒙格玛丽@Ameng ge ma li@g(Montgomery, Lucy Maud)@4著 |
| 702 | 0 | @a张卉@Azhang hui@4译 |
| 702 | 0 | @a橙小诗@Acheng xiao shi@4译 |
| 801 | 0 | @aCN@bQSSK@c20100625 |
| 905 | @b783598-600@dI711.4@eM564@f3 | |
| 绿山墙的安妮/(加) 露西·莫德·蒙格玛丽著/张卉, 橙小诗译.-成都:四川文艺出版社,2009.05 |
| 312页:图;19cm.-(学生必读名著书架) |
| ISBN 978-7-5411-2778-6:CNY20.00 |
| 本书主人公小安妮由于酷爱想像以及“爱美之心”给自己惹来了一连串的麻烦,她不断地闯祸,也不断改正错误。在朋友、家人和老师的关爱中,小孤女安妮渐渐变成了绿山墙里快乐成长的小主人。 |
| ● |
| 相关链接 |
|
|
|
正题名:绿山墙的安妮
索取号:I711.4/M564
 
预约/预借
| 序号 | 登录号 | 条形码 | 馆藏地/架位号 | 状态 | 备注 |
| 1 | 783598 | 207835985 | 文学库116/116文学库 25排1列5层/ [索取号:I711.4/M564] | 在馆 | |
| 2 | 783599 | 207835994 | 文学库116/116文学库 25排1列5层/ [索取号:I711.4/M564] | 在馆 | |
| 3 | 783600 | 207836001 | 社科二线422/422社科库 25排2列6层/ [索取号:I711.4/M564] | 在馆 |